Simposio: La agroindustria en Costa Rica

Αποθηκεύτηκε σε:
Λεπτομέρειες βιβλιογραφικής εγγραφής
Συγγραφή απο Οργανισμό/Αρχή: Costa Rica. Ministerio de Economía, Industria y Comercio. Oficina Sectorial de Planificación Industrial
Μορφή: Άγνωστο
Έκδοση: San José: OSPI
Ετικέτες: Προσθήκη ετικέτας
Δεν υπάρχουν, Καταχωρήστε ετικέτα πρώτοι!

MARC

LEADER 00000 a2200000 04500
001 19224
003
008 991231s d
040
090 |a 019602  
110 |a Costa Rica. Ministerio de Economía, Industria y Comercio. Oficina Sectorial de Planificación Industrial  
245 |a Simposio: La agroindustria en Costa Rica  
260 |a San José:   |b OSPI  
300 |a 70 p  
999 |c 5727  |d 5727